000 01557nam a2200373 c 4500
003 BLK
005 20250715152348.0
008 180410b bul|||||r ||||||| ||bul||
010 _aKNG00164532000
020 _a978-619-165-024-8
_bиздат.: Ергон
040 _aBLK
041 _aBUL
_cBUL
072 7 _2bullib
_aН8300
_xРомантична проза Н
080 _aАмериканска литература (на САЩ)
_b821.111(73)
_x-31
_z821.111(73)-31
100 _aБраун, Сандра
_d1948-
_gАмериканска писателка
_eпърви автор
_9241650
700 _aДонева, Мария
_qПетрова, Мария Донева
_d1974-
_gПоетеса, детска писателка.
_9365115
139 _aБраун, Сандра
_bБ 78
245 1 0 _aЗдравей, тъма
_bРоман
_cСандра Браун; прев. от англ. Мария Донева.
250 _a2. изд.
257 _aUSA
260 София
_bЕргон
_c2014
300 _a384 с.
_c20 см
380 _aX
490 1 _aБиблиотека Любов и Съдба
500 _a1. изд. 2003 на изд. Коала. - Ориг. загл. Hello, Darkness / Sandra Brown. - Офс. изд.
653 _aромантична проза
659 _aН
852 _aЦб 270529
856 4 _qpdf
_u
856 4 _qpdf
_u
942 _cKNG
_n0
_0151
944 _aCR
_c01.09.2014
_lЦветелина Шанова
_k30531
944 _aED
_c17.09.2015
_lф /
_kПенка_Димитрова
999 _c157584
_d157584